Mzdová politika při makroekonomické stabilizaci.
Skúmanie problematiky nepodloženého rastu miezd, ktorý sa spravidla stáva zdrojom rastu nákladovej inflácie. Vzniká ako reakcia ponuky práce na rast cenovej hladiny. Je tiež reakciou na zdedené deformácie mzdových relácií, môže sa stať aj autonómnym zdrojom nákladovej inflácie. Skúmanie vplyvu pokle...
Na minha lista:
| Autor principal: | |
|---|---|
| Formato: | Capítulo de Livro |
| Idioma: | tcheco |
| Assuntos: | |
| Tags: |
Sem tags, seja o primeiro a adicionar uma tag!
|
MARC
| LEADER | 00000naa a2200000 4500 | ||
|---|---|---|---|
| 001 | r006953 | ||
| 005 | 20220831083818.5 | ||
| 041 | 0 | |a cze | |
| 044 | |a [CS] | ||
| 245 | 1 | 0 | |a Mzdová politika při makroekonomické stabilizaci. |c J. Kinkor |
| 520 | |a Skúmanie problematiky nepodloženého rastu miezd, ktorý sa spravidla stáva zdrojom rastu nákladovej inflácie. Vzniká ako reakcia ponuky práce na rast cenovej hladiny. Je tiež reakciou na zdedené deformácie mzdových relácií, môže sa stať aj autonómnym zdrojom nákladovej inflácie. Skúmanie vplyvu poklesu produktivity práce pri raste nominálnych miezd na infláciu a rastu cien a miezd na obmedzovanie produkcie. | ||
| 610 | 2 | 0 | |a politika mzdová |
| 610 | 2 | 0 | |a inflácia |
| 610 | 2 | 0 | |a produktivita práce |
| 610 | 2 | 0 | |a ceny |
| 610 | 2 | 0 | |a stabilizácia hospodárstva |
| 610 | 2 | 0 | |a ČSFR |
| 100 | 1 | |a Kinkor, Jiří | |